[Event "IECG WC.2005.S.00001 email"]
[Site "IECG email"]
[Date "2003.05.19"]
[Round "?"]
[White "Fabiani, Juan AG"]
[Black "Fazilleau, Jerome"]
[Result "0-1"]
[WhiteElo "2425"]
[BlackElo "2027"]
[PlyCount "30"]
[EventDate "2003.05.19"]
[EventType "tourn (corr)"]
[EventRounds "10"]
[SourceTitle "Corr 2008"]
[Source "ChessBase"]
[SourceDate "2008.06.24"]
[SourceVersion "1"]
[SourceVersionDate "2008.06.24"]
[SourceQuality "1"]

1. d4 Nf6 2. Bg5 Ne4 3. Bh4 c5 4. f3 Qa5+ 5. c3 Nf6 6. dxc5 Qxc5 7. e4 g6 8. Bf2 Qa5 9. Bc4 Bg7 10. Ne2 Nc6 11. Nd2 0-0 12. 0-0 d6 13. Nd4 Ne5 14. b4 Qc7 15. Nb5 Qb8 0-1

[Event "IECG CP.2000.S.00009 email"]
[Site "IECG email"]
[Date "2002.10.01"]
[Round "?"]
[White "Lower, Spencer R"]
[Black "Fabiani, Juan AG"]
[Result "1-0"]
[WhiteElo "2227"]
[BlackElo "2380"]
[PlyCount "65"]
[EventDate "2002.10.01"]
[EventType "tourn (corr)"]
[EventRounds "8"]
[EventCountry "UKR"]
[SourceTitle "Corr 2008"]
[Source "ChessBase"]
[SourceDate "2008.06.24"]
[SourceVersion "1"]
[SourceVersionDate "2008.06.24"]
[SourceQuality "1"]

1. d4 d5 2. c4 c6 3. Nc3 dxc4 4. e4 b5 5. a4 b4 6. Na2 Nf6 7. e5 Nd5 8. Bxc4 e6 9. Nf3 Be7 10. Bd2 a5 11. 0-0 Ba6 12. Qc2 Bxc4 13. Qxc4 0-0 14. Nc1 Qc7 15. Bg5 Bxg5 16. Nxg5 Qe7 17. Ne4 Qh4 18. Re1 Rc8 19. Nb3 Nd7 20. Qc2 Rc7 21. Rad1 Qe7 22. Rd3 Nf8 23. Qd2 Ng6 24. g3 h6 25. f4 Nf8 26. Kh1 Nd7 27. g4 Qh4 28. Rg3 N7b6 29. Nbc5 Nd7 30. f5 Nxc5 31. Nxc5 Re8 32. Rf1 exf5 33. gxf5 1-0

[Event "IECG WC.2003.T.00005 email"]
[Site "IECG email"]
[Date "2002.08.04"]
[Round "?"]
[White "Fabiani, Juan AG"]
[Black "Tucci, Aniello"]
[Result "1/2-1/2"]
[WhiteElo "2381"]
[BlackElo "2320"]
[PlyCount "65"]
[EventDate "2002.08.04"]
[EventType "tourn (corr)"]
[EventRounds "10"]
[SourceTitle "Corr 2008"]
[Source "ChessBase"]
[SourceDate "2008.06.24"]
[SourceVersion "1"]
[SourceVersionDate "2008.06.24"]
[SourceQuality "1"]

1. d4 d6 2. e4 Nf6 3. Nc3 g6 4. f4 Bg7 5. Nf3 c5 6. dxc5 Qa5 7. Qd3 Qxc5 8. Be3 Qa5 9. Be2 Nc6 10. Nd4 Ng4 11. Bg1 0-0 12. h3 Nxd4 13. Bxd4 e5 14. Qb5 Qxb5 15. Nxb5 Nf6 16. fxe5 dxe5 17. Bc5 Rd8 18. Nc7 Nxe4 19. Be3 Ng3 20. Rg1 Be6 21. Nxa8 Nxe2 22. Kxe2 Rxa8 23. c3 f5 24. g3 Kf7 25. Rad1 Bf6 26. h4 a5 27. Bg5 Bg7 28. Rd6 h6 29. Be3 Bf8 30. Rb6 Bc4+ 31. Kf2 Bd5 32. Rd1 Bc6 33. Rxb7+ 1/2-1/2

[Event "IECG WC.2003.T.00005 email"]
[Site "IECG email"]
[Date "2002.08.04"]
[Round "?"]
[White "Simmelink, Joop Theo"]
[Black "Fabiani, Juan AG"]
[Result "1/2-1/2"]
[WhiteElo "2257"]
[BlackElo "2381"]
[PlyCount "71"]
[EventDate "2002.08.04"]
[EventType "tourn (corr)"]
[EventRounds "10"]
[SourceTitle "Corr 2008"]
[Source "ChessBase"]
[SourceDate "2008.06.24"]
[SourceVersion "1"]
[SourceVersionDate "2008.06.24"]
[SourceQuality "1"]

1. d4 d5 2. c4 dxc4 3. e4 e5 4. Nf3 exd4 5. Bxc4 Nc6 6. 0-0 Be6 7. Bb5 Bc5 8. Nbd2 Nge7 9. Ng5 Qd7 10. Nxe6 Qxe6 11. Nb3 Qd6 12. Bf4 Qxf4 13. Nxc5 0-0 14. Rc1 a6 15. g3 Qh6 16. Be2 a5 17. f4 b6 18. Nd3 a4 19. a3 Qd6 20. e5 Qd7 21. Bg4 Qe8 22. Re1 Ra7 23. Rc4 Nd8 24. Rxd4 Ne6 25. Rde4 g6 26. Nf2 c5 27. Qd6 Nf5 28. Bxf5 gxf5 29. R4e3 Rd7 30. Qxb6 Qa8 31. Qb5 Rd2 32. Rd1 Nd4 33. Qxc5 Rxd1+ 34. Nxd1 Nf3+ 35. Rxf3 Qxf3 36. Qd6 1/2-1/2

[Event "IECG WC.2004.S.00007 email"]
[Site "IECG email"]
[Date "2002.05.08"]
[Round "?"]
[White "Sander, Ingo"]
[Black "Fabiani, Juan AG"]
[Result "1/2-1/2"]
[WhiteElo "2197"]
[BlackElo "2382"]
[PlyCount "47"]
[EventDate "2002.05.08"]
[EventType "tourn (corr)"]
[EventRounds "8"]
[SourceTitle "Corr 2008"]
[Source "ChessBase"]
[SourceDate "2008.06.24"]
[SourceVersion "1"]
[SourceVersionDate "2008.06.24"]
[SourceQuality "1"]

1. Nf3 Nf6 2. c4 e6 3. Nc3 d5 4. d4 c6 5. e3 Nbd7 6. Qc2 a6 7. b3 dxc4 8. bxc4 b6 9. Be2 Bd6 10. 0-0 Bb7 11. Rd1 c5 12. d5 exd5 13. Nxd5 0-0 14. Bb2 Re8 15. a4 Nxd5 16. cxd5 Qe7 17. Rab1 Rad8 18. Bd3 Nf8 19. Qc3 f6 20. Qb3 Kh8 21. e4 Rb8 22. Re1 Ng6 23. Bf1 Bc8 24. Bc3 1/2-1/2

[Event "IECG CM.2002.0.00167 email"]
[Site "IECG email"]
[Date "2002.01.23"]
[Round "?"]
[White "Alava Moreno, Fausto"]
[Black "Fabiani, Juan AG"]
[Result "1/2-1/2"]
[WhiteElo "2279"]
[BlackElo "2378"]
[PlyCount "64"]
[EventDate "2002.01.23"]
[EventType "tourn (corr)"]
[EventRounds "6"]
[SourceTitle "Corr 2008"]
[Source "ChessBase"]
[SourceDate "2008.06.24"]
[SourceVersion "1"]
[SourceVersionDate "2008.06.24"]
[SourceQuality "1"]

1. e4 e6 2. d4 d5 3. Nc3 Bb4 4. e5 c5 5. a3 cxd4 6. axb4 dxc3 7. Nf3 Ne7 8. Bd3 Qc7 9. Ra3 cxb2 10. Bxb2 Nbc6 11. Bc3 Ng6 12. Qa1 Nf4 13. b5 Nxd3+ 14. cxd3 d4 15. bxc6 dxc3 16. Rxc3 bxc6 17. 0-0 0-0 18. d4 Rd8 19. Rfc1 Bb7 20. Rb3 a5 21. Qb1 Ba6 22. Ng5 g6 23. Rh3 Rxd4 24. Rxh7 Bd3 25. Qb2 Rd7 26. Qc3 Rad8 27. h3 Qb6 28. Rh4 Rd4 29. Rxd4 Rxd4 30. Qxc6 Qxc6 31. Rxc6 Bb5 32. Rb6 Bd7 1/2-1/2

[Event "IECG CM.2002.0.00167 email"]
[Site "IECG email"]
[Date "2002.01.23"]
[Round "?"]
[White "Fabiani, Juan AG"]
[Black "Sacerdotali, Sergio"]
[Result "1/2-1/2"]
[WhiteElo "2378"]
[BlackElo "2282"]
[PlyCount "79"]
[EventDate "2002.01.23"]
[EventType "tourn (corr)"]
[EventRounds "6"]
[SourceTitle "Corr 2008"]
[Source "ChessBase"]
[SourceDate "2008.06.24"]
[SourceVersion "1"]
[SourceVersionDate "2008.06.24"]
[SourceQuality "1"]

1. d4 d5 2. Nf3 Nf6 3. Bf4 c5 4. e3 Nc6 5. c3 Qb6 6. Qb3 c4 7. Qxb6 axb6 8. Na3 e6 9. Nb5 Ra5 10. Nd6+ Bxd6 11. Bxd6 Ne4 12. Bc7 Kd7 13. Bf4 f6 14. g4 g5 15. Bg3 b5 16. Nd2 Nxg3 17. hxg3 b4 18. Rh6 Ke7 19. e4 bxc3 20. bxc3 b5 21. exd5 exd5 22. Bg2 Be6 23. f4 Ra3 24. Nb1 Ra7 25. f5 Bf7 26. a3 b4 27. Ra2 bxc3 28. Nxc3 Nxd4 29. Bxd5 Bxd5 30. Nxd5+ Kd6 31. Nc3 Ke5 32. Kf2 Rb8 33. Rh1 Rb3 34. Re1+ Kd6 35. Ne4+ Kc6 36. Rd1 Nb5 37. Rc1 Nd6 38. Nxd6 Kxd6 39. Rxc4 Raxa3 40. Rxa3 1/2-1/2

[Event "IECG CM.2002.0.00167 email"]
[Site "IECG email"]
[Date "2002.01.23"]
[Round "?"]
[White "Simmelink, Joop Theo"]
[Black "Fabiani, Juan AG"]
[Result "1/2-1/2"]
[WhiteElo "2315"]
[BlackElo "2378"]
[PlyCount "51"]
[EventDate "2002.01.23"]
[EventType "tourn (corr)"]
[EventRounds "6"]
[SourceTitle "Corr 2008"]
[Source "ChessBase"]
[SourceDate "2008.06.24"]
[SourceVersion "1"]
[SourceVersionDate "2008.06.24"]
[SourceQuality "1"]

1. d4 Nf6 2. c4 g6 3. Nc3 Bg7 4. e4 d6 5. Be2 0-0 6. Nf3 e5 7. 0-0 Nc6 8. d5 Ne7 9. b4 a5 10. bxa5 Rxa5 11. a4 c5 12. Ra3 Ra6 13. Ne1 Nd7 14. Nd3 f5 15. f4 exf4 16. Nxf4 Bd4+ 17. Kh1 Bxc3 18. Rxc3 Ne5 19. Bb2 fxe4 20. Re3 g5 21. Nh5 Bd7 22. Qc1 N7g6 23. Ng3 Bg4 24. Bxe5 Nxe5 25. Rxf8+ Qxf8 26. Rxe4 1/2-1/2

[Event "IECG CP.2000.Q.00017"]
[Site "IECG email"]
[Date "2001.10.01"]
[Round "?"]
[White "Fabiani, Juan AG"]
[Black "Koch, Christian"]
[Result "1/2-1/2"]
[WhiteElo "2329"]
[BlackElo "2188"]
[PlyCount "69"]
[EventDate "2001.10.01"]
[EventType "tourn (corr)"]
[EventRounds "6"]
[SourceTitle "Corr 2008"]
[Source "ChessBase"]
[SourceDate "2008.06.24"]
[SourceVersion "1"]
[SourceVersionDate "2008.06.24"]
[SourceQuality "1"]

1. d4 d5 2. c4 c6 3. Nc3 Nf6 4. e3 e6 5. Nf3 Nbd7 6. Qc2 Bd6 7. Bd2 0-0 8. Bd3 Re8 9. 0-0 dxc4 10. Bxc4 c5 11. dxc5 Nxc5 12. e4 Ncd7 13. Nb5 Bb8 14. Rac1 b6 15. Rfe1 a6 16. Nbd4 Bb7 17. b4 b5 18. Bd3 Bd6 19. Qb1 Ng4 20. e5 Ndxe5 21. Bxh7+ Kf8 22. Be4 Bxe4 23. Qxe4 Nf6 24. Qb1 Nxf3+ 25. Nxf3 Rc8 26. Bg5 Be7 27. Ne5 Rxc1 28. Qxc1 Nd5 29. Bxe7+ Qxe7 30. a3 Qd6 31. h4 Re7 32. Qc2 Nf6 33. Qd1 Qd5 34. Qc1 Qd6 35. Qd1 1/2-1/2

[Event "IECG CM.2001.0.00149"]
[Site "IECG email"]
[Date "2001.07.25"]
[Round "?"]
[White "Fabiani, Juan AG"]
[Black "Koch, Christian"]
[Result "1-0"]
[WhiteElo "2335"]
[BlackElo "2221"]
[PlyCount "153"]
[EventDate "2001.07.25"]
[EventType "tourn (corr)"]
[EventRounds "6"]
[SourceTitle "Corr 2008"]
[Source "ChessBase"]
[SourceDate "2008.06.24"]
[SourceVersion "1"]
[SourceVersionDate "2008.06.24"]
[SourceQuality "1"]

1. d4 d5 2. c4 c6 3. Nc3 Nf6 4. e3 e6 5. Nf3 Nbd7 6. Qc2 Bd6 7. Bd2 0-0 8. Bd3 Re8 9. 0-0 e5 10. cxd5 cxd5 11. Nb5 Bb8 12. dxe5 Nxe5 13. Nxe5 Bxe5 14. Bc3 Bd7 15. a4 a6 16. Bxe5 Rxe5 17. Nd4 Rc8 18. Qb3 Qc7 19. a5 Ng4 20. g3 Nf6 21. Kg2 Rh5 22. h4 Re5 23. Rfc1 Qb8 24. Rxc8+ Qxc8 25. Qc2 Qd8 26. Rc1 Qxa5 27. Qc7 Qxc7 28. Rxc7 b5 29. Ra7 Bc8 30. Bf5 Bxf5 31. Nxf5 h6 32. Nd4 Re8 33. Rxa6 Rb8 34. Ra5 b4 35. Ra4 Rb6 36. Ra8+ Kh7 37. Ra7 Kg6 38. Ne2 Rc6 39. Nf4+ Kh7 40. Nd3 Rc2 41. Nxb4 Rxb2 42. Nd3 Rd2 43. Ne5 Kg8 44. Ra8+ Kh7 45. Rf8 h5 46. Nxf7 Kg6 47. Ng5 Ng4 48. Kf1 Rd1+ 49. Ke2 Ra1 50. Nh3 Ra2+ 51. Kf1 Kh6 52. Rf5 Ra1+ 53. Ke2 Ra2+ 54. Kd3 Nf6 55. Rg5 Ra3+ 56. Kd4 Ra2 57. Ke5 Ne4 58. Rf5 Nf6 59. Rf4 Ra8 60. Rb4 Re8+ 61. Kf4 Rf8 62. Kf3 Ra8 63. Rb2 Ra4 64. Rd2 Ra5 65. Nf4 g5 66. hxg5+ Kxg5 67. Rd4 Ra2 68. Kg2 Ra5 69. f3 Ra2+ 70. Kh3 Rf2 71. Nxd5 Rxf3 72. Rf4 Rxg3+ 73. Kxg3 Nxd5 74. Re4 Kf5 75. Kf3 Nc7 76. Rb4 Ne6 77. Rb5+ 1-0

[Event "IECG WC.2003.S.00011 email"]
[Site "IECG email"]
[Date "2001.04.01"]
[Round "?"]
[White "Daurelle, Herve"]
[Black "Fabiani, Juan AG"]
[Result "1/2-1/2"]
[WhiteElo "2215"]
[BlackElo "2272"]
[PlyCount "58"]
[EventDate "2001.04.01"]
[EventType "tourn (corr)"]
[EventRounds "8"]
[SourceTitle "Corr 2008"]
[Source "ChessBase"]
[SourceDate "2008.06.24"]
[SourceVersion "1"]
[SourceVersionDate "2008.06.24"]
[SourceQuality "1"]

1. e4 e6 2. d4 d5 3. Nd2 c5 4. exd5 exd5 5. Bb5+ Nc6 6. Ngf3 Qe7+ 7. Be2 Qc7 8. 0-0 Nf6 9. dxc5 Bxc5 10. Nb3 Be7 11. Bg5 0-0 12. c3 Be6 13. Bd3 Rfe8 14. Re1 h6 15. Bh4 Qb6 16. h3 Rac8 17. Re3 d4 18. cxd4 Nd5 19. Re4 Bxh4 20. Rxh4 Ndb4 21. Bb1 Red8 22. a3 Nd5 23. Bd3 Nde7 24. Nc5 Bd5 25. Na4 Qc7 26. Nc3 Bxf3 27. Qxf3 Nxd4 28. Rxd4 Rxd4 29. Nb5 Rxd3 1/2-1/2

[Event "IECG WC.2003.S.00011 email"]
[Site "IECG email"]
[Date "2001.04.01"]
[Round "?"]
[White "Fabiani, Juan AG"]
[Black "Johansen, John Martin"]
[Result "1/2-1/2"]
[WhiteElo "2272"]
[BlackElo "2323"]
[PlyCount "66"]
[EventDate "2001.04.01"]
[EventType "tourn (corr)"]
[EventRounds "8"]
[SourceTitle "Corr 2008"]
[Source "ChessBase"]
[SourceDate "2008.06.24"]
[SourceVersion "1"]
[SourceVersionDate "2008.06.24"]
[SourceQuality "1"]

1. d4 a6 2. e4 h6 3. c4 d6 4. Nc3 Nc6 5. d5 Nb8 6. Be2 e5 7. Nf3 Nf6 8. 0-0 Bg4 9. Be3 Bh5 10. Ne1 Bxe2 11. Qxe2 Nbd7 12. a4 Be7 13. b4 0-0 14. a5 c6 15. Nd3 cxd5 16. cxd5 Rc8 17. Rac1 Rc4 18. Na4 Rxe4 19. f3 Rxe3 20. Qxe3 Nxd5 21. Qa7 Qb8 22. Qxb8 Nxb8 23. Nc3 Nxc3 24. Rxc3 Nc6 25. b5 Nxa5 26. bxa6 bxa6 27. Nb4 Ra8 28. Rd1 Kf8 29. Nxa6 Rxa6 30. Rc8+ Bd8 31. Rxd8+ Ke7 32. Rg8 Kf6 33. Ra1 Ra7 1/2-1/2

[Event "IECG WC.2003.S.00011 email"]
[Site "IECG email"]
[Date "2001.04.01"]
[Round "?"]
[White "Onder, Evren"]
[Black "Fabiani, Juan AG"]
[Result "1/2-1/2"]
[WhiteElo "1624"]
[BlackElo "2272"]
[PlyCount "63"]
[EventDate "2001.04.01"]
[EventType "tourn (corr)"]
[EventRounds "8"]
[SourceTitle "Corr 2008"]
[Source "ChessBase"]
[SourceDate "2008.06.24"]
[SourceVersion "1"]
[SourceVersionDate "2008.06.24"]
[SourceQuality "1"]

1. e4 e6 2. d4 d5 3. Nc3 Bb4 4. e5 c5 5. a3 Bxc3+ 6. bxc3 Ne7 7. Qg4 0-0 8. Bd3 c4 9. Be2 Nbc6 10. h4 f6 11. f4 Qc7 12. Nf3 Bd7 13. h5 Nf5 14. h6 Rf7 15. hxg7 Rxg7 16. Qh3 fxe5 17. g4 Nfxd4 18. cxd4 Nxd4 19. Nxd4 exd4 20. g5 Rf8 21. Bg4 e5 22. Bxd7 Qxd7 23. Qxd7 Rxd7 24. fxe5 Re7 25. Kd1 Rxe5 26. Rb1 b6 27. Re1 Rxe1+ 28. Kxe1 Re8+ 29. Kf2 Rf8+ 30. Kg2 Re8 31. Kf1 Rf8+ 32. Ke2 1/2-1/2

[Event "SEMI 8-Eclipse 11 email"]
[Site "SEMI email"]
[Date "2001.??.??"]
[Round "?"]
[White "Negri, Jacopo"]
[Black "Fabiani, Juan AG"]
[Result "1-0"]
[WhiteElo "2389"]
[BlackElo "2269"]
[PlyCount "79"]
[EventDate "2001.??.??"]
[EventType "team-match (corr)"]
[EventRounds "2"]
[EventCountry "ITA"]
[SourceTitle "Corr 2002"]
[Source "ChessBase"]
[SourceDate "2002.05.23"]
[SourceVersion "1"]
[SourceVersionDate "2002.05.23"]
[SourceQuality "1"]
[WhiteTeam "SEMI-8"]
[BlackTeam "Eclipse-11"]
[WhiteTeamCountry "ITA"]

1. e4 e6 2. d4 d5 3. Nc3 Bb4 4. e5 c5 5. a3 Bxc3+ 6. bxc3 Ne7 7. Qg4 0-0 8. Bd3 Qa5 9. Bd2 Nbc6 10. Nf3 f5 11. exf6 Rxf6 12. Qh5 Nf5 13. g4 c4 14. gxf5 cxd3 15. Rg1 Bd7 16. c4 Qc7 17. Bh6 Be8 18. Qh4 Rxh6 19. Qxh6 dxc4 20. f6 Bg6 21. Rxg6 hxg6 22. Qxg6 Qf7 23. Qxf7+ Kxf7 24. cxd3 c3 25. fxg7 Kxg7 26. Rc1 Rf8 27. Ne5 Nxe5 28. dxe5 Rc8 29. Kd1 Kg6 30. Kc2 Kf5 31. Re1 Rh8 32. Kxc3 Rxh2 33. d4 Rxf2 34. d5 Rf3+ 35. Kd4 b6 36. d6 Rf4+ 37. Kc3 Rg4 38. a4 a6 39. Rd1 Rg3+ 40. Rd3 1-0

[Event "IECG CP.2000.P.00079"]
[Site "IECG email"]
[Date "2000.10.01"]
[Round "?"]
[White "Fabiani, Juan AG"]
[Black "Hennings, Wolfgang"]
[Result "1-0"]
[WhiteElo "2260"]
[BlackElo "957"]
[PlyCount "77"]
[EventDate "2000.10.01"]
[EventType "tourn (corr)"]
[EventRounds "6"]
[EventCountry "ITA"]
[SourceTitle "Corr 2008"]
[Source "ChessBase"]
[SourceDate "2008.06.24"]
[SourceVersion "1"]
[SourceVersionDate "2008.06.24"]
[SourceQuality "1"]

1. e4 c5 2. Nf3 d6 3. d4 cxd4 4. Nxd4 Nf6 5. Nc3 a6 6. Bg5 e6 7. Be2 Be7 8. Qd3 Nbd7 9. 0-0-0 Nc5 10. Qf3 Bd7 11. Be3 Rc8 12. g4 Na4 13. Nxa4 Bxa4 14. b3 Bc6 15. Nxc6 Rxc6 16. c4 b5 17. Kb1 bxc4 18. Bxc4 Qa8 19. Bd4 0-0 20. Rhe1 Qb7 21. Bb2 Rb8 22. Qe2 Ne8 23. f4 Bf6 24. e5 Bh4 25. Rf1 d5 26. Bd3 Be7 27. f5 Bc5 28. fxe6 fxe6 29. Rc1 Qb4 30. Rc3 Rc7 31. a3 Qb6 32. b4 Bxb4 33. Rb3 a5 34. axb4 g6 35. Qf3 Ng7 36. b5 a4 37. Ba3 Nf5 38. gxf5 axb3 39. fxg6 1-0

[Event "IECG CM.2000.0.00100"]
[Site "IECG email"]
[Date "2000.??.??"]
[Round "?"]
[White "Lund, Jens Dahlen"]
[Black "Fabiani, Juan AG"]
[Result "0-1"]
[WhiteElo "2217"]
[BlackElo "2260"]
[PlyCount "96"]
[EventDate "2000.02.20"]
[EventType "tourn (corr)"]
[EventRounds "6"]
[SourceTitle "Corr 2008"]
[Source "ChessBase"]
[SourceDate "2008.06.24"]
[SourceVersion "1"]
[SourceVersionDate "2008.06.24"]
[SourceQuality "1"]

1. d4 Nf6 2. Nf3 d5 3. e3 Bf5 4. Bd3 e6 5. Bxf5 exf5 6. Qd3 Qc8 7. b3 Na6 8. 0-0 Be7 9. c4 Nb4 10. Qe2 0-0 11. a3 Na6 12. Nc3 Qe6 13. Ng5 Qd7 14. Bb2 c6 15. Nf3 Rad8 16. Ne5 Qe6 17. cxd5 Nxd5 18. Nxd5 Qxd5 19. Qc4 Nc7 20. Rac1 Qe4 21. Rce1 Bd6 22. f3 Qh4 23. e4 fxe4 24. Rxe4 Qg5 25. Rfe1 Nd5 26. Nd3 Qh5 27. h3 f5 28. Re6 Qh4 29. b4 Qg3 30. Bc1 Qh2+ 31. Kf1 Bg3 32. Nf2 Kh8 33. Qc2 Bh4 34. Qc5 g5 35. Qc2 g4 36. hxg4 fxg4 37. Rh6 Rf7 38. Bg5 gxf3 39. gxf3 Nf4 40. Bxf4 Qxf4 41. Ree6 Rdf8 42. Qc3 Rg7 43. Rxh4 Qxh4 44. Re3 Qh5 45. Qc5 Qxc5 46. dxc5 h5 47. Nd3 h4 48. f4 Rfg8 0-1